| 000 | 00650nam a2200217 u 4500 | ||
|---|---|---|---|
| 005 | 20240228064147.0 | ||
| 008 | 140918s2011 r 000 0 eng d | ||
| 020 | _a9786071114549 | ||
| 035 | _aUPN01000199629 | ||
| 049 | _aI | ||
| 050 | 4 |
_aPZ84 _bF8.7 |
|
| 100 | 1 |
_aFurnari, Eva, _d1946- _933279 |
|
| 245 | 1 | 0 |
_aTrudi y Kiki / _cEva Furnari ; tr. de Paula Abramo. |
| 260 |
_aMéxico : _bSantillana, _c2011. |
||
| 300 |
_a35 p. : _bil. col. |
||
| 440 | 0 | _aAlfaguara Infantil | |
| 534 |
_pTítulo original : _tTrudi e Kiki |
||
| 650 | 4 |
_aCUENTOS INFANTILES BRASILEÑOS _912222 |
|
| 650 | 4 |
_aLibros y lectura para niños _92290 |
|
| 905 | _aInfantil | ||
| 999 |
_c171730 _d171730 |
||